MARC details
| 000 -LEADER |
| fixed length control field |
02153nam a2200337 i 4500 |
| 003 - CONTROL NUMBER IDENTIFIER |
| control field |
CSPC |
| 005 - DATE AND TIME OF LATEST TRANSACTION |
| control field |
20241218153942.0 |
| 008 - FIXED-LENGTH DATA ELEMENTS--GENERAL INFORMATION |
| fixed length control field |
241209s2021 caua b 001 0 eng d |
| 010 ## - LIBRARY OF CONGRESS CONTROL NUMBER |
| LC control number |
2020025063 |
| 020 ## - INTERNATIONAL STANDARD BOOK NUMBER |
| International Standard Book Number |
9781071808443 |
| 040 ## - CATALOGING SOURCE |
| Transcribing agency |
CSPC |
| Original cataloging agency |
CSPC |
| Language of cataloging |
eng |
| Description conventions |
rda |
| 050 04 - LIBRARY OF CONGRESS CALL NUMBER |
| Classification number |
HF5549.5.D37 |
| Item number |
H86 2021 |
| 082 04 - DEWEY DECIMAL CLASSIFICATION NUMBER |
| Edition number |
23 |
| Classification number |
658.300285 |
| Item number |
H880 |
| 245 00 - TITLE STATEMENT |
| Title |
Human resource information systems / |
| Statement of responsibility, etc. |
edited by Richard D. Johnson, Kevin D. Carlson, and Michael J. Kavanagh. |
| 246 ## - VARYING FORM OF TITLE |
| Title proper/short title |
Human resource information systems : |
| Remainder of title |
basics, applications, and future directions |
| 250 ## - EDITION STATEMENT |
| Edition statement |
Fifth edition. |
| 264 #1 - PRODUCTION, PUBLICATION, DISTRIBUTION, MANUFACTURE, AND COPYRIGHT NOTICE |
| Place of production, publication, distribution, manufacture |
Thousand Oaks, California : |
| Name of producer, publisher, distributor, manufacturer |
SAGE Publications, Inc., |
| Date of production, publication, distribution, manufacture, or copyright notice |
2021. |
| 300 ## - PHYSICAL DESCRIPTION |
| Extent |
xxvii, 538 pages : |
| Other physical details |
illustrations ; |
| Dimensions |
23 cm. |
| 336 ## - CONTENT TYPE |
| Source |
rdacontent |
| Content type term |
text |
| 337 ## - MEDIA TYPE |
| Source |
rdamedia |
| Media type term |
unmediated |
| 338 ## - CARRIER TYPE |
| Source |
rdacarrier |
| Carrier type term |
volume |
| 504 ## - BIBLIOGRAPHY, ETC. NOTE |
| Bibliography, etc. note |
Includes bibliographical references and index. |
| 505 0# - FORMATTED CONTENTS NOTE |
| Formatted contents note |
Part I Human resource information systems (HRIS)-- The evolution of HRM and HRIS -- Systems considerations in the design of an HRIS -- Part II Managing HRIS implementations -- The systems development life cycle and HRIS needs analysis -- System design and acquisition -- Change management and system implementation -- Cost-justifying HRIS investments -- Part III Human resource information systems applications -- HR administration and HRIS -- Talent management and HR planning -- Recruitment and selection in an internet context -- Training and development -- Rewarding employees and HRIS -- Strategic considerations in HRIS -- Part IV Advanced HRIS applications and future trends -- HRIS and International HRM -- HE metrics and workforce analytics -- HRIS privacy and security -- The role of social media in HR -- The future of HRIS. |
| 650 #0 - SUBJECT ADDED ENTRY--TOPICAL TERM |
| Topical term or geographic name entry element |
Personnel management |
| Form subdivision |
Information technology. |
| 650 #0 - SUBJECT ADDED ENTRY--TOPICAL TERM |
| Topical term or geographic name entry element |
Personnel management |
| Form subdivision |
Data processing. |
| 700 1# - ADDED ENTRY--PERSONAL NAME |
| Personal name |
Johnson, Richard D., |
| Relator term |
editor. |
| 700 1# - ADDED ENTRY--PERSONAL NAME |
| Personal name |
Carlson, Kevin D., |
| Relator term |
editor. |
| 700 1# - ADDED ENTRY--PERSONAL NAME |
| Personal name |
Kavanagh, Michael J., |
| Relator term |
editor. |
| 942 ## - ADDED ENTRY ELEMENTS (KOHA) |
| Source of classification or shelving scheme |
Dewey Decimal Classification |
| Suppress in OPAC |
No |
| Koha item type |
Books |
| Edition |
23 |
| Classification part |
658.300285 |
| Item part |
H880 |
| Call number prefix |
CIR |
| Call number suffix |
2021 |